The writeers directory/ (Record no. 6781)
[ view plain ]
| 000 -LEADER | |
|---|---|
| fixed length control field | 00387nam a2200133 4500 |
| 008 - FIXED-LENGTH DATA ELEMENTS--GENERAL INFORMATION | |
| fixed length control field | 150929b xxu||||| |||| 00| 0 eng d |
| 020 ## - INTERNATIONAL STANDARD BOOK NUMBER | |
| International Standard Book Number | 9781414487175 |
| 050 ## - LIBRARY OF CONGRESS CALL NUMBER | |
| Classification number | REF PN 541 .W75 2013 |
| 245 ## - TITLE STATEMENT | |
| Title | The writeers directory/ |
| 250 ## - EDITION STATEMENT | |
| Edition statement | 31st ed. |
| 260 ## - PUBLICATION, DISTRIBUTION, ETC. (IMPRINT) | |
| Place of publication, distribution, etc. | Australia: |
| Name of publisher, distributor, etc. | Gale Cengage Learning, |
| Date of publication, distribution, etc. | c2013. |
| 300 ## - PHYSICAL DESCRIPTION | |
| Extent | ix, 1273p. |
| 942 ## - ADDED ENTRY ELEMENTS (KOHA) | |
| Source of classification or shelving scheme | |
| Koha item type | Reference Material |
| Classification part | REF PN 541 .W75 2013 |
| Withdrawn status | Lost status | Source of classification or shelving scheme | Damaged status | Not for loan | Home library | Current library | Shelving location | Date acquired | Source of acquisition | Total Checkouts | Full call number | Barcode | Date last seen | Price effective from | Koha item type |
|---|---|---|---|---|---|---|---|---|---|---|---|---|---|---|---|
| MACHAKOS UNIVERSITY LIBRARY | MACHAKOS UNIVERSITY LIBRARY | Reference | 29/09/2015 | Donation (BFA) | REF PN 541 .W75 2013 | 12643 | 04/06/2019 | 29/09/2015 | Reference Material |